000
00221 a2200097 4500
001
31507
100
_a
Saxena, Sanjay
245
_a
A First course in Computer
260
_a
New Delhi
_b
Vikas
_c
1998
090
_c
21378
_d
21378
942
_a
NUST-CAE
_c
M
_c
12645
999
_c
266580
_d
266580